LEADER 01214nmm a2200349 i 4500 001 991000571309707536 007 cr nn 008mamaa 008 080412s2008 de j eng d 020 $a9783540789116 035 $ab13877483-39ule_inst 040 $aDip.to Matematica e Fisica$beng 082 00$a614.4$222 084 $aAMS 92-06 245 00$aMathematical epidemiology$h[e-book] /$cedited by Fred Brauer, Pauline Driessche, Jianhong Wu 260 $aBerlin :$bSpringer,$c2008 300 $bv.: digital 440 0$aLecture notes in mathematics,$x0075-8434 ;$v1945 650 0$aDifferentiable dynamical systems 650 0$aDifferential equations 650 0$aDistribution (Probability theory) 650 0$aEpidemiology 650 0$aGenetics$xMathematics 700 1 $aBrauer, Fred 700 1 $aDriessche, Pauline 700 1 $aWu, Jianhong 773 0 $aSpringer eBooks 856 40$uhttp://dx.doi.org/10.1007/978-3-540-78911-6$zAn electronic book accessible through the World Wide Web 907 $a.b13877483$b03-03-22$c02-02-10 912 $a991000571309707536 996 $aMathematical epidemiology$9230610 997 $aUNISALENTO 998 $ale013$b02-02-10$cm$d@ $e-$feng$gde $h0$i0 LEADER 03744nam 2200709 a 450 001 9910974738103321 005 20251116183525.0 010 $a1-61300-029-4 010 $a1-61583-819-8 035 $a(CKB)3360000000000325 035 $a(EBL)3116719 035 $a(SSID)ssj0000509555 035 $a(PQKBManifestationID)12207342 035 $a(PQKBTitleCode)TC0000509555 035 $a(PQKBWorkID)10573598 035 $a(PQKB)11486015 035 $a(MiAaPQ)EBC3116719 035 $a(Au-PeEL)EBL3116719 035 $a(CaPaEBR)ebr10522374 035 $a(OCoLC)922966703 035 $a(BIP)37654072 035 $a(BIP)13338743 035 $a(EXLCZ)993360000000000325 100 $a20060309d2006 uy 0 101 0 $aeng 135 $aurcn||||||||| 181 $ctxt 182 $cc 183 $acr 200 00$aFundamentals and control of nitrification in chloraminated drinking water distribution systems 205 $a1st ed. 210 $aDenver, Colo. $cAmerican Water Works Association$dc2006 215 $a1 online resource (289 p.) 225 1 $aAWWA manual ;$vM56 300 $aDescription based upon print version of record. 311 08$a1-58321-419-4 320 $aIncludes bibliographical references (p. 249-250) and index. 327 $a""Contents""; ""Figures""; ""Tables""; ""Preface""; ""Acknowledgments""; ""Introduction to Nitrification in Drinking Water and Its Impact on Regulatory Compliance""; ""Nitrification in Water and Wastewater Treatment""; ""Nitrification in Drinking Water Distribution Systems""; ""Overview of Causes and Control of Nitrification in Water Distribution Systems""; ""Microbiology and Isolation of Nitrifying Bacteria""; ""Growth and Inactivation of Nitrifying Bacteria""; ""Monitoring for Nitrification Prevention and Control""; ""Operational and Treatment Practices to Prevent Nitrification"" 327 $a""Assessment and Operational Responses to Nitrification Episodes""""Capital Improvements for Nitrification Prevention""; ""Additional Reading""; ""Abbreviations and Acronyms""; ""Units of Measure With Metric Conversions""; ""Index""; ""AWWA Manuals"" 330 $aThis brand new manual was written because of the increased use of chloramine as a residual disinfectant in drinking water distribution systems and the ubiquitous presence of nitrifying bacteria in the environment. Chapters cover background information on the occurrence and microbiology of nitrification in various water environments and provide current practical approaches to nitrification prevention and response. This manual provides a compendium of the current state-of-the-art knowledge, however with quickly developing new advances in nitrification, more writings will be forthcoming. Each chapter can be read independently. 410 0$aAWWA manual ;$vM56. 606 $aWater$xPurification$xNitrogen removal 606 $aWater$xPurification$xChloramination 606 $aNitrification$xPrevention 606 $aDenitrification 606 $aDrinking water$xContamination$xPrevention 606 $aWater$xDistribution$xSafety measures 615 0$aWater$xPurification$xNitrogen removal. 615 0$aWater$xPurification$xChloramination. 615 0$aNitrification$xPrevention. 615 0$aDenitrification. 615 0$aDrinking water$xContamination$xPrevention. 615 0$aWater$xDistribution$xSafety measures. 676 $a628.1/662 712 02$aAmerican Water Works Association. 801 0$bMiAaPQ 801 1$bMiAaPQ 801 2$bMiAaPQ 906 $aBOOK 912 $a9910974738103321 996 $aFundamentals and control of nitrification in chloraminated drinking water distribution systems$94470089 997 $aUNINA